[Event "Pavia Province-ch"]
[Site "Vigevano"]
[Date "2014.02.06"]
[Round "1"]
[White "Melotti, Dario"]
[Black "Berra, Davide"]
[Result "1-0"]
[WhiteElo "1869"]
[BlackElo "2226"]
[PlyCount "79"]
[EventDate "2014.02.06"]
[EventType "swiss"]
[EventRounds "6"]
[EventCountry "ITA"]
[SourceTitle "EXT 2015"]
[Source "ChessBase"]
[SourceDate "2014.11.20"]
[SourceVersion "1"]
[SourceVersionDate "2014.11.20"]
[SourceQuality "1"]

1. e4 e6 2. d4 d5 3. e5 c5 4. c3 Nc6 5. Nf3 Qb6 6. Bd3 cxd4 7. cxd4 Bd7 8. 0-0 Nxd4 9. Nbd2 Nc6 10. Nb3 Nge7 11. Be3 Qc7 12. Rc1 Ng6 13. Nc5 Bxc5 14. Bxc5 Ngxe5 15. Re1 Nxd3 16. Qxd3 Qf4 17. Rc3 b6 18. Ba3 0-0-0 19. Qa6+ Kb8 20. Ne5 Qd2 21. Rec1 Nxe5 22. Bd6+ Ka8 23. Bxe5 Qxb2 24. Rc7 Qxc1+ 25. Rxc1 Rc8 26. Rxc8+ Rxc8 27. h3 f6 28. Bd4 Rc4 29. Bxb6 Ra4 30. Ba5 Rc4 31. Qd6 Bc8 32. Qf8 Kb7 33. Qxg7+ Ka6 34. Bd8 f5 35. Bf6 h5 36. Qg5 Rc2 37. a3 Kb5 38. Qxh5 Kc4 39. Qd1 Ra2 40. Qc1+ 1-0

[Event "OP-2012-0-02406"]
[Site "LSS email"]
[Date "2012.09.15"]
[Round "?"]
[White "Kolanek, Roman"]
[Black "Melotti, Dario"]
[Result "1-0"]
[WhiteElo "2089"]
[BlackElo "1400"]
[PlyCount "39"]
[EventDate "2012.09.12"]
[EventType "tourn (corr)"]
[EventRounds "4"]
[EventCountry "GER"]
[SourceTitle "Telechess CBM 165"]
[Source "ChessBase"]
[SourceDate "2015.03.11"]
[SourceVersion "1"]
[SourceVersionDate "2015.03.11"]
[SourceQuality "1"]

1. d4 d5 2. c4 e6 3. Nf3 c5 4. Nc3 cxd4 5. Nxd4 Nf6 6. Bg5 e5 7. Bxf6 gxf6 8. Nb3 d4 9. Nd5 Nc6 10. e4 Be6 11. Bd3 Bb4+ 12. Nd2 Rg8 13. g3 Rg6 14. a3 Bxd2+ 15. Qxd2 f5 16. exf5 Bxd5 17. cxd5 Qxd5 18. 0-0 Rg8 19. b4 0-0-0 20. Rae1 1-0

[Event "OP-2012-0-02145"]
[Site "LSS email"]
[Date "2012.04.12"]
[Round "?"]
[White "Mori, Roberto"]
[Black "Melotti, Dario"]
[Result "1-0"]
[WhiteElo "714"]
[BlackElo "1400"]
[PlyCount "30"]
[EventDate "2012.04.08"]
[EventType "tourn (corr)"]
[EventRounds "4"]
[EventCountry "GER"]
[SourceTitle "Corr 2015"]
[Source "ChessBase"]
[SourceDate "2015.07.17"]
[SourceVersion "1"]
[SourceVersionDate "2015.07.17"]
[SourceQuality "1"]

1. e4 e5 2. Nf3 Nc6 3. d4 exd4 4. Nxd4 Nf6 5. Nxc6 bxc6 6. Nc3 Bb4 7. Bd2 0-0 8. Bc4 Bxc3 9. Bxc3 Nxe4 10. 0-0 Nxc3 11. bxc3 d6 12. Bd3 Qg5 13. Qf3 Bd7 14. g3 Qc5 15. Rab1 Qxc3 1-0

[Event "OP-2012-0-02140"]
[Site "LSS email"]
[Date "2012.04.07"]
[Round "?"]
[White "Taroma Corpus, Roger"]
[Black "Melotti, Dario"]
[Result "1-0"]
[WhiteElo "1595"]
[BlackElo "1400"]
[PlyCount "27"]
[EventDate "2012.04.03"]
[EventType "tourn (corr)"]
[EventRounds "4"]
[EventCountry "GER"]
[SourceTitle "Corr 2015"]
[Source "ChessBase"]
[SourceDate "2015.07.17"]
[SourceVersion "1"]
[SourceVersionDate "2015.07.17"]
[SourceQuality "1"]

1. e4 Nf6 2. Nc3 e5 3. Bc4 Nc6 4. Nf3 Nxe4 5. Nxe4 d5 6. Bd3 dxe4 7. Bxe4 Nb4 8. Nxe5 Qd4 9. 0-0 Qxe5 10. Re1 Be7 11. c3 Qf6 12. cxb4 0-0 13. a3 c6 14. b5 1-0

[Event "Milan Crespi op-A 31st"]
[Site "Milan"]
[Date "2010.12.08"]
[Round "5"]
[White "Bonazzi, Edoardo"]
[Black "Melotti, Dario"]
[Result "1/2-1/2"]
[WhiteElo "2164"]
[BlackElo "2087"]
[PlyCount "50"]
[EventDate "2010.12.04"]
[EventType "swiss"]
[EventRounds "9"]
[EventCountry "ITA"]
[SourceTitle "CBM 139 Extra"]
[Source "ChessBase"]
[SourceDate "2011.01.05"]
[SourceVersion "1"]
[SourceVersionDate "2011.01.05"]
[SourceQuality "1"]

1. c4 e5 2. g3 g6 3. Bg2 Bg7 4. Nc3 Nc6 5. Nf3 d6 6. 0-0 Nf6 7. d3 0-0 8. Rb1 a5 9. a3 Nd4 10. b4 axb4 11. axb4 c6 12. Bg5 h6 13. Bxf6 Bxf6 14. Nxd4 exd4 15. Ne4 Bg7 16. Ra1 Rxa1 17. Qxa1 d5 18. cxd5 cxd5 19. Nc5 Qd6 20. Qa4 b6 21. Nb3 Bb7 22. Qb5 Bc6 23. Qxb6 Rb8 24. Qa6 Ra8 25. Qb6 Rb8 1/2-1/2

[Event "Milan Crespi op-A 31st"]
[Site "Milan"]
[Date "2010.12.07"]
[Round "4"]
[White "Melotti, Dario"]
[Black "Virzi, Ettore"]
[Result "1-0"]
[WhiteElo "2087"]
[BlackElo "2000"]
[PlyCount "101"]
[EventDate "2010.12.04"]
[EventType "swiss"]
[EventRounds "9"]
[EventCountry "ITA"]
[SourceTitle "CBM 139 Extra"]
[Source "ChessBase"]
[SourceDate "2011.01.05"]
[SourceVersion "1"]
[SourceVersionDate "2011.01.05"]
[SourceQuality "1"]

1. c4 Nf6 2. Nc3 g6 3. g3 Bg7 4. Bg2 0-0 5. d4 d6 6. Nf3 Nc6 7. 0-0 a6 8. h3 Rb8 9. d5 Na5 10. Qd3 c5 11. dxc6 Nxc6 12. e4 Nd7 13. Be3 Nde5 14. Nxe5 Nxe5 15. Qe2 Be6 16. Nd5 b5 17. cxb5 Bxd5 18. exd5 axb5 19. b3 Qa5 20. Rac1 Rfc8 21. Rxc8+ Rxc8 22. Rc1 Rxc1+ 23. Bxc1 Qc3 24. Bg5 f6 25. Be3 b4 26. g4 Kf8 27. Be4 Nd7 28. Qd2 Nc5 29. Qxc3 bxc3 30. Bxc5 dxc5 31. a4 f5 32. gxf5 gxf5 33. Bxf5 h6 34. f4 Ke8 35. Kg2 Kd8 36. Kf3 Kc7 37. Kg4 Bd4 38. Kh5 Be3 39. Kxh6 Bxf4+ 40. Kg6 Bg3 41. Be4 Kd6 42. Kf5 c2 43. Bxc2 Kxd5 44. Be4+ Kd6 45. Bb7 Be1 46. Kg5 Ke6 47. h4 Kf7 48. h5 Bd2+ 49. Kf5 Kg7 50. Ke6 Kf8 51. Kd5 1-0

[Event "Milan Crespi op-A 31st"]
[Site "Milan"]
[Date "2010.12.06"]
[Round "3"]
[White "Sbarra, Marco"]
[Black "Melotti, Dario"]
[Result "1-0"]
[WhiteElo "2312"]
[BlackElo "2087"]
[PlyCount "59"]
[EventDate "2010.12.04"]
[EventType "swiss"]
[EventRounds "9"]
[EventCountry "ITA"]
[SourceTitle "CBM 139 Extra"]
[Source "ChessBase"]
[SourceDate "2011.01.05"]
[SourceVersion "1"]
[SourceVersionDate "2011.01.05"]
[SourceQuality "1"]

1. d4 Nf6 2. c4 g6 3. Nc3 Bg7 4. e4 d6 5. Nf3 0-0 6. Be2 e5 7. d5 a5 8. Bg5 h6 9. Bh4 Na6 10. Nd2 Qe8 11. 0-0 Nh7 12. f3 f5 13. a3 Bd7 14. b3 h5 15. Rb1 Nc5 16. Qc2 Bh6 17. b4 axb4 18. axb4 Na4 19. Nxa4 Bxa4 20. Qc3 Bd7 21. exf5 gxf5 22. c5 Qg6 23. Ra1 Rxa1 24. Rxa1 e4 25. Ra7 Bc8 26. Nc4 f4 27. fxe4 f3 28. Bxf3 Bg4 29. Bxg4 Qxg4 30. Qg3 1-0

[Event "Milan Crespi op-A 31st"]
[Site "Milan"]
[Date "2010.12.04"]
[Round "1"]
[White "Vezzosi, Paolo"]
[Black "Melotti, Dario"]
[Result "1-0"]
[WhiteElo "2379"]
[BlackElo "2087"]
[PlyCount "59"]
[EventDate "2010.12.04"]
[EventType "swiss"]
[EventRounds "9"]
[EventCountry "ITA"]
[SourceTitle "CBM 139 Extra"]
[Source "ChessBase"]
[SourceDate "2011.01.05"]
[SourceVersion "1"]
[SourceVersionDate "2011.01.05"]
[SourceQuality "1"]

1. d4 Nf6 2. Bg5 e6 3. e4 h6 4. Bxf6 Qxf6 5. Nc3 Bb4 6. Qd2 d5 7. e5 Qe7 8. a3 Bxc3 9. Qxc3 0-0 10. f4 b6 11. Nf3 c5 12. 0-0-0 Ba6 13. f5 Rc8 14. g4 Bc4 15. Bxc4 cxd4 16. Rxd4 b5 17. f6 Qf8 18. fxg7 Qxg7 19. g5 Rxc4 20. Rxc4 bxc4 21. Rg1 h5 22. Qb4 Nd7 23. Qb7 Nb6 24. a4 Re8 25. Qxa7 Nc8 26. Qd7 Kf8 27. a5 Qg6 28. a6 Qe4 29. Rf1 Qe3+ 30. Nd2 1-0

[Event "Milan Crespi op-A 29th"]
[Site "Milan"]
[Date "2008.12.10"]
[Round "6"]
[White "Melotti, Dario"]
[Black "Valenti, Giuseppe"]
[Result "1/2-1/2"]
[WhiteElo "2085"]
[BlackElo "2162"]
[PlyCount "68"]
[EventDate "2008.12.06"]
[EventType "swiss"]
[EventRounds "9"]
[EventCountry "ITA"]
[SourceTitle "CBM 130 Extra"]
[Source "ChessBase"]
[SourceDate "2009.07.02"]
[SourceVersion "2"]
[SourceVersionDate "2009.07.15"]
[SourceQuality "1"]

1. c4 c5 2. Nf3 e6 3. d4 cxd4 4. Nxd4 a6 5. a3 Qc7 6. e4 Nf6 7. Nc3 b6 8. Bd3 Bb7 9. 0-0 d6 10. Kh1 Nbd7 11. Qe2 Ne5 12. Bd2 Rc8 13. b3 Nxd3 14. Qxd3 Be7 15. f4 0-0 16. Rae1 Rcd8 17. Qg3 Kh8 18. Qh3 Qc5 19. Be3 Qa5 20. Bg1 Rc8 21. e5 Ne8 22. b4 Qxa3 23. Rb1 Rxc4 24. Rb3 Rxc3 25. Qxc3 Qa4 26. b5 axb5 27. Ra1 Qc4 28. Qxc4 bxc4 29. Rxb6 Bd5 30. Ra7 dxe5 31. Rxe7 exd4 32. Rb8 Bc6 33. Bxd4 Kg8 34. Rb6 Bd5 1/2-1/2

[Event "Milan Crespi op-A 29th"]
[Site "Milan"]
[Date "2008.12.08"]
[Round "3"]
[White "Iudicello, Giovanni"]
[Black "Melotti, Dario"]
[Result "1/2-1/2"]
[WhiteElo "2183"]
[BlackElo "2085"]
[PlyCount "55"]
[EventDate "2008.12.06"]
[EventType "swiss"]
[EventRounds "9"]
[EventCountry "ITA"]
[SourceTitle "CBM 130 Extra"]
[Source "ChessBase"]
[SourceDate "2009.07.02"]
[SourceVersion "2"]
[SourceVersionDate "2009.07.15"]
[SourceQuality "1"]

1. e4 e6 2. Qe2 c5 3. f4 Nf6 4. Nf3 d5 5. d3 Be7 6. g3 b5 7. Bg2 Bb7 8. Nbd2 Na6 9. 0-0 Nc7 10. c3 a5 11. Ne5 c4 12. d4 0-0 13. g4 Nxe4 14. Nxe4 dxe4 15. Bxe4 Bxe4 16. Qxe4 f5 17. Qe2 fxg4 18. Qxg4 Rf5 19. Bd2 Bf6 20. Nf3 Qd5 21. Rae1 Rf8 22. Rf2 g6 23. Rg2 b4 24. Rge2 a4 25. a3 bxa3 26. bxa3 Rb8 27. Ne5 Bxe5 28. Rxe5 1/2-1/2

[Event "Bratto op-A 27th"]
[Site "Bratto"]
[Date "2007.08.29"]
[Round "7"]
[White "Cugini, Verter"]
[Black "Melotti, Dario"]
[Result "1/2-1/2"]
[WhiteElo "2199"]
[BlackElo "2067"]
[PlyCount "79"]
[EventDate "2007.08.23"]
[EventType "swiss"]
[EventRounds "9"]
[EventCountry "ITA"]
[SourceTitle "CBM 120 Extra"]
[Source "ChessBase"]
[SourceDate "2007.11.01"]
[SourceVersion "1"]
[SourceVersionDate "2007.11.01"]
[SourceQuality "1"]

1. e4 e6 2. d4 d5 3. Nd2 Be7 4. Bd3 c5 5. exd5 exd5 6. dxc5 Nf6 7. Ngf3 0-0 8. 0-0 a5 9. Nb3 Na6 10. c3 a4 11. Nbd4 Nxc5 12. Bg5 Nfe4 13. Bxe7 Qxe7 14. Bc2 a3 15. Qc1 axb2 16. Qxb2 Na4 17. Qb4 Nac5 18. c4 Be6 19. a4 Rac8 20. Nxe6 fxe6 21. Bxe4 dxe4 22. Nd4 Qh4 23. Nc2 Rf5 24. Ne3 Rh5 25. h3 Rf8 26. Qb6 Rf3 27. Rfd1 Rxh3 28. Rd8+ Kf7 29. Qc7+ Kg6 30. gxh3 Qxh3 31. Qg3+ Rg5 32. Qxg5+ Kxg5 33. Rf8 Nd3 34. Rb1 Kg6 35. Rxb7 Ne1 36. a5 Nf3+ 37. Rxf3 exf3 38. a6 Qh5 39. a7 Qg5+ 40. Kh2 1/2-1/2

[Event "ITA-ch sf 66th"]
[Site "Cortina d'Ampezzo"]
[Date "2006.07.15"]
[Round "8.21"]
[White "Milazzo, Mario"]
[Black "Melotti, Dario"]
[Result "1/2-1/2"]
[WhiteElo "2110"]
[BlackElo "2116"]
[PlyCount "28"]
[EventDate "2006.07.09"]
[EventType "swiss"]
[EventRounds "9"]
[EventCountry "ITA"]
[SourceTitle "EXT 2023"]
[Source "ChessBase"]
[SourceDate "2022.10.05"]
[SourceVersion "1"]
[SourceVersionDate "2022.10.05"]
[SourceQuality "1"]

1. e4 c5 2. Nc3 Nc6 3. g3 g6 4. Bg2 Bg7 5. d3 d6 6. f4 e6 7. Nf3 Nge7 8. 0-0 0-0 9. Be3 Qa5 10. Qd2 Rb8 11. a4 d5 12. Nd1 Qxd2 13. Nxd2 b6 14. Bf2 Nb4 1/2-1/2

[Event "Brianza-ch"]
[Site "Monza"]
[Date "2006.02.23"]
[Round "5"]
[White "Cereda, Loris"]
[Black "Melotti, Dario"]
[Result "0-1"]
[WhiteElo "2044"]
[BlackElo "2116"]
[PlyCount "106"]
[EventDate "2006.02.01"]
[EventType "swiss"]
[EventRounds "9"]
[EventCountry "ITA"]
[SourceTitle "EXT 2007"]
[Source "ChessBase"]
[SourceDate "2006.11.23"]
[SourceVersion "1"]
[SourceVersionDate "2006.11.23"]
[SourceQuality "1"]

1. d4 Nf6 2. c4 g6 3. Nc3 Bg7 4. e4 d6 5. Nge2 Nbd7 6. Ng3 e5 7. d5 h5 8. h4 Bh6 9. Be2 Bxc1 10. Rxc1 a5 11. a3 Nc5 12. b4 axb4 13. axb4 Na6 14. c5 Nxb4 15. Nb5 Na6 16. Qa4 0-0 17. cxd6 cxd6 18. Qa3 Ne8 19. Qe3 Bd7 20. Nc3 Nc5 21. Nd1 Ba4 22. Bxh5 gxh5 23. Nxh5 Bxd1 24. Rxd1 Ra4 25. f3 f5 26. Qh6 Rf7 27. exf5 Qa5+ 28. Kf2 Ra2+ 29. Kg3 Qc3 30. Rh3 Qc2 31. Rg1 Qxf5 32. Kh2 Rh7 33. Rg3+ Kh8 34. Qg5 Qxg5 35. Rxg5 Ng7 36. Nf6 Rxh4+ 37. Kg3 Rh6 38. Ng4 Rh7 39. Rg6 Ra6 40. Nf6 Nh5+ 41. Kg4 Nxf6+ 42. Rxf6 Kg7 43. Rf5 b5 44. f4 exf4 45. Re1 Ra7 46. Rg5+ Kf8 47. Rb1 Rab7 48. Kxf4 b4 49. Rg6 Rhf7+ 50. Ke3 Ke7 51. Kd4 b3 52. g4 b2 53. g5 Rb3 0-1

[Event "Porto San Giorgio op 17th"]
[Site "Porto San Giorgio"]
[Date "2005.08.22"]
[Round "1"]
[White "Bokros, Albert"]
[Black "Melotti, Dario"]
[Result "1-0"]
[WhiteElo "2446"]
[BlackElo "2093"]
[PlyCount "69"]
[EventDate "2005.08.22"]
[EventType "swiss"]
[EventRounds "9"]
[EventCountry "ITA"]
[SourceTitle "CBM 108 Extra"]
[Source "ChessBase"]
[SourceDate "2005.11.04"]
[SourceVersion "1"]
[SourceVersionDate "2005.11.04"]
[SourceQuality "1"]

1. e4 c5 2. Nf3 d6 3. d4 cxd4 4. Nxd4 Nf6 5. f3 e5 6. Nb3 Be6 7. c4 Nbd7 8. Be3 a6 9. Nc3 Rc8 10. Nd5 Bxd5 11. cxd5 Nh5 12. g3 Be7 13. Qd2 h6 14. Bh3 Bg5 15. 0-0 Bxe3+ 16. Qxe3 g6 17. Rac1 f5 18. exf5 g5 19. Rxc8 Qxc8 20. Rc1 Qb8 21. f6 Nhxf6 22. Be6 Ke7 23. Qc3 Rd8 24. Kg2 Qa7 25. Qd2 Rh8 26. Rc7 Qb6 27. Qc3 Rb8 28. Rc4 Qb5 29. a4 Qb6 30. h4 gxh4 31. Rxh4 h5 32. Rc4 Rd8 33. Rb4 Qa7 34. Na5 Nc5 35. Rxb7+ 1-0

[Event "Brianza-ch 39th"]
[Site "Brianza"]
[Date "2005.01.27"]
[Round "4"]
[White "Marelli, Mauro"]
[Black "Melotti, Dario"]
[Result "1/2-1/2"]
[WhiteElo "2256"]
[BlackElo "2093"]
[PlyCount "55"]
[EventDate "2005.01.??"]
[EventType "swiss"]
[EventRounds "8"]
[EventCountry "ITA"]
[SourceTitle "EXT 2009"]
[Source "ChessBase"]
[SourceDate "2008.11.26"]
[SourceVersion "1"]
[SourceVersionDate "2008.11.26"]
[SourceQuality "1"]

1. c4 e5 2. Nc3 Nc6 3. g3 f5 4. d3 Nf6 5. Bg2 g6 6. e3 Bg7 7. Nge2 Ne7 8. 0-0 c6 9. e4 0-0 10. d4 exd4 11. Nxd4 fxe4 12. Nxe4 Nxe4 13. Bxe4 d5 14. cxd5 Nxd5 15. Nc2 Bf5 16. Bxf5 Rxf5 17. Rb1 c5 18. Ne3 Nxe3 19. Bxe3 Kh8 20. Qb3 b6 21. Qc4 Rd5 22. b4 cxb4 23. Qxb4 Qd7 24. Bc1 Rd1 25. Bb2 Rxf1+ 26. Rxf1 Re8 27. Rc1 Re7 28. Bxg7+ 1/2-1/2

[Event "Porto San Giorgio op 16th"]
[Site "Porto San Giorgio"]
[Date "2004.08.25"]
[Round "5"]
[White "Cocchi, Andrea"]
[Black "Melotti, Dario"]
[Result "1-0"]
[WhiteElo "2295"]
[BlackElo "2082"]
[PlyCount "73"]
[EventDate "2004.08.21"]
[EventType "swiss"]
[EventRounds "9"]
[EventCountry "ITA"]
[SourceTitle "CBM 101 Extra"]
[Source "ChessBase"]
[SourceDate "2004.09.01"]
[SourceVersion "2"]
[SourceVersionDate "2004.09.01"]
[SourceQuality "1"]

1. e4 c5 2. Nf3 d6 3. Bc4 e6 4. 0-0 a6 5. Re1 Be7 6. Bf1 Nc6 7. c3 d5 8. e5 g5 9. d4 g4 10. Nfd2 h5 11. dxc5 Bxc5 12. Nb3 Ba7 13. Na3 Nge7 14. Bg5 Rg8 15. Bf6 b5 16. Nc2 Qb6 17. Qd2 Nf5 18. Bd3 h4 19. Bxf5 g3 20. Nbd4 gxf2+ 21. Qxf2 exf5 22. Qxh4 Be6 23. Kh1 Kd7 24. h3 Rae8 25. Re3 f4 26. Qxf4 Rg6 27. Rg3 Reg8 28. Rxg6 Rxg6 29. Rd1 Nxd4 30. Nxd4 Rg8 31. Rf1 b4 32. Nxe6 bxc3 33. bxc3 Qxe6 34. Bh4 Ke8 35. Qa4+ Kf8 36. Qb4+ Kg7 37. Bf6+ 1-0

[Event "Porto San Giorgio op 15th"]
[Site "Porto San Giorgo"]
[Date "2003.08.21"]
[Round "1"]
[White "Glek, Igor Vladimirovich"]
[Black "Melotti, Dario"]
[Result "1-0"]
[WhiteElo "2566"]
[BlackElo "2086"]
[PlyCount "31"]
[EventDate "2003.08.21"]
[EventType "swiss"]
[EventRounds "9"]
[EventCountry "ITA"]
[SourceTitle "CBM 095 Extra"]
[Source "ChessBase"]
[SourceDate "2003.09.04"]
[SourceVersion "1"]
[SourceVersionDate "2003.09.04"]
[SourceQuality "1"]

1. e4 c5 2. Nf3 d6 3. d4 cxd4 4. Nxd4 Nf6 5. Nc3 a6 6. a4 b6 7. g3 g6 8. Bg2 Ra7 9. 0-0 Bg7 10. h3 Bd7 11. Be3 Qc8 12. g4 h6 13. f4 Rb7 14. e5 dxe5 15. fxe5 Nh7 16. Qf3 1-0